Elements of the periodic table highest melting point - Statistics

General Stats
  • This quiz has been taken 13 times
  • The average score is 8 of 15
Answer Stats
Temperature Answer % Correct
3422°C Tungsten
90%
3033°C Osmium
70%
3186°C Rhenium
70%
1964°C Rhodium
60%
1910°C Vanadium
60%
1907°C Chromium
50%
2233°C Hafnium
50%
2466°C Iridium
50%
2623°C Molybdenum
50%
2157°C Technetium
50%
1855°C Zirconium
50%
2075°C Boron
40%
2477°C Niobium
40%
2334°C Ruthenium
40%
3017°C Tantalum
40%
No matching quizzes found
Score Distribution
Percent of People with Each Score
Percentile by Number Answered
Your Score History
You have not taken this quiz